000 00618nam a2200157 a 4500
008 120416s1958 ||||||||||||||||| || u
050 _aGN 659.M26 Wat
100 _aWatson, William
245 1 0 _aTribal cohesion in a money economy: a study of the Mambwe people of Northern Rhodesia
260 _aManchester
_bThe University Press
_c1958
300 _axxiii, 246p. : ill.
350 _a0.00
650 _aMONEY ECONOMY--MAMBWE PEOPLE
650 _aTRIBES
995 _D0.00
_FCBU-MAIN LIBRARY (Kitwe)
_H1
_I5.00
_M1
_UAVAILABLE
_ZMain Library Open Access Collection
999 _c60437
_d60437